| 000 | 00532nam a22001937a 4500 | ||
|---|---|---|---|
| 003 | OSt | ||
| 005 | 20140310183126.0 | ||
| 008 | 130529t xxu||||| |||| 00| 0 eng d | ||
| 050 |
_aHM 258 _b.G633 1994 |
||
| 082 |
_aFIL 305.4 _bG58 1994 |
||
| 245 |
_aFilipino Rural Women's Participation in Development and in Communication _cGomez, Ely D. |
||
| 260 |
_aLos Baños _bUP Los Baños _c1994 |
||
| 300 |
_a53 p. _c21 cm |
||
| 521 | _aCollege | ||
| 526 | _c1210L-1700L | ||
| 541 | _j1 | ||
| 562 | _e1 | ||
| 942 |
_2lcc _cBK _kFIL |
||
| 999 |
_c19021 _d19021 |
||